Los mecanismos empresariales de defensa frente a una huelga
Uloženo v:
| Hlavní autoři: | , |
|---|---|
| Médium: | Kniha |
| Jazyk: | španělština |
| Vydáno: |
Valencia
Tirant Lo Blanch
2013
|
| Vydání: | 1a. ed |
| Témata: | |
| Tagy: |
Přidat tag
Žádné tagy, Buďte první, kdo vytvoří štítek k tomuto záznamu!
|
MARC
| LEADER | 00000cam a2200000 a 4500 | ||
|---|---|---|---|
| 001 | UCE2471 | ||
| 003 | CL-VaPUC | ||
| 008 | 140703e20130000sp |||||||||||||||||spa|d | ||
| 020 | |a 9788490339831 | ||
| 082 | 0 | 4 | |a 344.01892 |b SAL |2 21 |
| 100 | 0 | |a Sala Franco, Tomás |e author |9 574921 | |
| 700 | 0 | |a López García de la Riva, Iván |e author |9 574922 | |
| 245 | 1 | 4 | |a Los mecanismos empresariales de defensa frente a una huelga |
| 250 | |a 1a. ed | ||
| 300 | |a 100 p | ||
| 942 | |c BK | ||
| 945 | |d 20140703 14:09:00 |a dcastane | ||
| 260 | |a Valencia |b Tirant Lo Blanch |c 2013 | ||
| 650 | 7 | |a HUELGA |2 CL-VaPUC |9 17 | |
| 650 | 7 | |a DERECHO LABORAL |2 CL-VaPUC |9 15 | |
| 650 | 0 | |a Empresas |9 255569 | |
| 583 | |a last modification |c 20170803 01:28:59 |k Rodrigo Vera | ||
| 999 | |c 356070 |d 356068 | ||
| 952 | |0 0 |1 0 |3 erb |4 0 |6 344_018920000000000_SAL_2013 |7 0 |8 A |9 463147 |a BIBDER |b BIBDER |i 5088089 |l 3 |m 2 |o 344.01892 SAL 2013 |p 5088089 |r 2023-01-25 |s 2022-07-26 |w 2019-11-23 |y BK |z Catalogado en:20140703 |k DER | ||